First Picture Dictionary / (Record no. 101976)
[ view plain ]
| 000 -LEADER | |
|---|---|
| fixed length control field | 00424nam a2200157 a 4500 |
| 005 - DATE AND TIME OF LATEST TRANSACTION | |
| control field | 20140412111223.0 |
| 008 - FIXED-LENGTH DATA ELEMENTS--GENERAL INFORMATION | |
| fixed length control field | 091205s19uu xx 00 eng d |
| 020 ## - INTERNATIONAL STANDARD BOOK NUMBER | |
| International Standard Book Number | 978-1-7415-7929-1 |
| 050 ## - LIBRARY OF CONGRESS CALL NUMBER | |
| Classification number | M 423.1 |
| Item number | Ol3 2006 |
| 100 ## - MAIN ENTRY--PERSONAL NAME | |
| Personal name | Oliver, Archie |
| 245 ## - TITLE STATEMENT | |
| Title | First Picture Dictionary / |
| Statement of responsibility, etc | Archie Oliver. |
| 260 ## - PUBLICATION, DISTRIBUTION, ETC. (IMPRINT) | |
| Place of publication, distribution, etc | China : |
| Name of publisher, distributor, etc | Hinkler books, |
| Date of publication, distribution, etc | 2006. |
| 300 ## - PHYSICAL DESCRIPTION | |
| Extent | 96p. |
| 650 ## - SUBJECT ADDED ENTRY--TOPICAL TERM | |
| Topical term or geographic name as entry element | Picture dictionaries |
| Withdrawn status | Lost status | Damaged status | Home library | Current library | Shelving location | Date acquired | Source of acquisition | Cost, normal purchase price | Total Checkouts | Full call number | Barcode | Date last seen | Price effective from | Koha item type |
|---|---|---|---|---|---|---|---|---|---|---|---|---|---|---|
| Elizalde Library | Elizalde Library | Main Section | 12/05/2009 | 150.00 | M 423.1 Ol3 2006 | E0215 | 04/12/2014 | 04/12/2014 | Books |